000 00425nam a2200169Ia 4500
008 230524s9999 xx 000 0 und d
020 _a9789381141083
082 _a519.2
_bMUR
100 _aT.S.R. Murthy
_942958
245 0 _aProbability And Statistics
250 _a1
260 _aNew Delhi
_bI.K.International
_c2011
300 _a"XII,513p;"
500 _aQuantity Number: 1
650 _aMathamatics
942 _cBK
999 _c57917
_d57917